ARRUPE JESUIT UNIVERSITY

CORONAVIRUS -STOP THE SPREAD - CLEAN,DISINFECT,COVER

The measure of my days. / (Record no. 121277)

MARC details
000 -LEADER
fixed length control field 00618cam a2200205u 4500
001 - CONTROL NUMBER
control field 7463876
003 - CONTROL NUMBER IDENTIFIER
control field ARRUPE
005 - DATE AND TIME OF LATEST TRANSACTION
control field 20141119163657.0
008 - FIXED-LENGTH DATA ELEMENTS--GENERAL INFORMATION
fixed length control field 821208s1955 xx 000 0 eng
010 ## - LIBRARY OF CONGRESS CONTROL NUMBER
LC control number 56020449
040 ## - CATALOGING SOURCE
Original cataloging agency DLC
Transcribing agency CarP
Modifying agency DLC
050 00 - LIBRARY OF CONGRESS CALL NUMBER
Classification number PR6025.I624
300 ## - PHYSICAL DESCRIPTION
Dimensions 23 cm.
100 1# - MAIN ENTRY--PERSONAL NAME
Personal name Millin, Sarah Gertrude Liebson,
Dates associated with a name 1889-1968.
9 (RLIN) 12738
245 14 - TITLE STATEMENT
Title The measure of my days. /
Statement of responsibility, etc Sarah Gertrude Millin
260 ## - PUBLICATION, DISTRIBUTION, ETC. (IMPRINT)
Place of publication, distribution, etc [n.p.]
Name of publisher, distributor, etc Central News Agency
Date of publication, distribution, etc 1955
300 ## - PHYSICAL DESCRIPTION
Extent 394 p.
600 10 - SUBJECT ADDED ENTRY--PERSONAL NAME
Personal name Millin, Philip,
Dates associated with a name 1888-1952.
9 (RLIN) 12739
906 ## - LOCAL DATA ELEMENT F, LDF (RLIN)
a 0
b cbc
c premunv
d u
e ncip
f 19
g y-gencatlg
942 ## - ADDED ENTRY ELEMENTS (KOHA)
Source of classification or shelving scheme Library of Congress Classification
Koha item type Monograph ( Printed materials)
Holdings
Withdrawn status Lost status Source of classification or shelving scheme Damaged status Not for loan Home library Current library Shelving location Date acquired Total Checkouts Full call number Barcode Date last seen Price effective from Koha item type
    Library of Congress Classification     ARRUPE LIBRARY ARRUPE LIBRARY Main Collection 19/11/2014   PR6025.I624 46500003631 19/11/2014 19/11/2014 Monograph ( Printed materials)

 

Arrupe Library. PO Box MP320 Mt Pleasant, Harare, Zimbabwe
263 242 745411|librarian@aju.ac.zw